| 000 | 00000nes 2200000za 4500 |
|---|---|
| 001 | 9.515061 |
| 003 | CaOODSP |
| 005 | 20251128105058 |
| 006 | s|| m f0 | |
| 007 | aj |a||| |
| 008 | 150406c2002||||xxc|||| b##f | eng|d |
| 040 | |aCaOODSP|beng |
| 043 | |an-cn--- |
| 086 | 1 |aM48E |
| 110 | 2 |aGeological Survey of Canada. |
| 245 | 10|a"A" series map |h[cartographic material] |
| 260 | |aOttawa - Ontario : |bNatural Resources Canada. |
| 310 | |aIrregular |
| 775 | 08|t"A" series map |w(CaOODSP)9.511438 |
| 775 | 08|tCarte série "A" |w(CaOODSP)9.511439 |
| 775 | 08|tCarte série "A" |w(CaOODSP)9.513396 |
| 776 | 0#|t"A" series map |w(CaOODSP)9.507196 |